Matematické, fyzikální a chemické tabulky a vzorce pro střední školy

Salvato in:
Dettagli Bibliografici
Natura: Libro
Lingua:ceco
Pubblicazione: Praha : Prometheus, 2003
Edizione:1.vyd.
Soggetti:
Tags: Aggiungi Tag
Nessun Tag, puoi essere il primo ad aggiungerne!!

MARC

LEADER 00000nam a22000003a 4500
001 stu165126
005 20250217132721.4
008 080611s1980----xr------------------cze-d
020 |a 80-7196-264-3 
040 |a STU  |b slo 
041 0 |a cze 
044 |a xr 
080 |a 53(083) 
080 |a 518.2 
245 |a Matematické, fyzikální a chemické tabulky a vzorce pro střední školy 
250 |a 1.vyd. 
260 |a Praha :  |b Prometheus,  |c 2003 
300 |a 276 s 
650 7 |a chemické tabuľky  |2 stusub 
650 7 |a matematické tabuľky  |2 stusub 
996 |b 284EK87252  |c E*87252  |l EE23  |s P  |a 0  |w stu165126_0001